000 00166nam a2200073Ia 4500
008 170620s9999 xx 000 0 und d
100 _aSHARMA
245 0 _aDICTIONARY OF PSYCHOLOGY
260 _bAPH PU
999 _c26082
_d26082